Estadísticas para Países que Tienen el Mayor Número de Refugiados

Haz click aquí para intentar la prueba.

Estadísticas generales

  • Esta prueba ha sido intentada 647 veces
  • La puntuación promedio es 16 de 20

Estadísticas de respuestas

# de RefugiadosFuente principalPaís% Correcto
320,000UcraniaRusia
94%
980,000AfganistánIrán
90%
300,000VietnamChina
88%
1,840,000SiriaTurquía
88%
230,000SiriaEgipto
87%
1,540,000AfganistánPakistán
86%
700,000Sudán del SurEtiopía
84%
320,000Sudán del SurSudán
84%
270,000ChinaEstados Unidos
83%
290,000SiriaIrak
83%
250,000IrakAlemania
81%
270,000?Francia
77%
660,000SiriaJordania
77%
550,000SomaliaKenia
76%
1,170,000SiriaLíbano
75%
420,000SudánChad
72%
290,000República CentroafricanaCamerún
61%
430,000R.D. CongoUganda
59%
260,000SomaliaYemen
55%
270,000SudánSudán del Sur
54%

Distribución de puntuación

Porcentaje por número respondido

Porcentaje de gente con cada puntuación

Historial de tus puntuaciones

No has intentado esta prueba.